000 01097nam a2200325Ia 4500
003 OSt
005 20221007122443.0
006 a|||||r|||| 00| 0
007 ta
008 221006b |||||||| |||| 00| 0 eng d
020 _a9781420087932 (hbd)
024 _a96452
037 _b917, 10/02/2010, Ashutosh Technical Books
_cTextbook
040 _aPAPL
_cPAPL
_beng
041 _2eng
_aeng
082 _aC21:(D), Q0 Carpa
100 _aBaaquie Belal E
_9471174
245 0 _aExploring integrated science
_b Willeboordse Frederick H
260 _aBoca
_bRaton CRC Press
_c2010
300 _axxi, 572p.
_ccm.
500 _aIndex 567-572p.
650 _a Cosmic physics
_9714387
650 _a Interdisciplinary approach to knowledge
_9714388
650 _a Mathematical physics
_9463933
650 _a Nanoscience
_9642646
650 _aPhysics
700 _a Willeboordse Frederick H
_9714389
942 _hC21:(D), Q0 Carpa
_cTB
_2CC
999 _c1210374
_d1210374